| 000 | 03833cam a22006255i 4500 | ||
|---|---|---|---|
| 001 | 21681037 | ||
| 003 | NUST | ||
| 005 | 20230314092641.0 | ||
| 006 | m |o d | | ||
| 007 | cr ||||||||||| | ||
| 008 | 180226s2018 si |||| o |||| 0|eng | ||
| 010 | _a 2019747296 | ||
| 020 | _a9789811072185 | ||
| 024 | 7 |
_a10.1007/978-981-10-7218-5 _2doi |
|
| 035 | _a(DE-He213)978-981-10-7218-5 | ||
| 040 |
_aDLC _beng _epn _erda _cDLC |
||
| 072 | 7 |
_aRBGK _2thema |
|
| 072 | 7 |
_aRBP _2bicssc |
|
| 072 | 7 |
_aRBP _2thema |
|
| 072 | 7 |
_aSCI042000 _2bisacsh |
|
| 082 | 0 | 4 |
_a551.480 MOR _223 |
| 245 | 0 | 0 |
_aAdvances in Hydroinformatics : _bSimHydro 2017 - Choosing The Right Model in Applied Hydraulics / _cedited by Philippe Gourbesville, Jean Cunge, Guy Caignaert. |
| 250 | _a1st ed. 2018. | ||
| 264 | 1 |
_aSingapore : _bSpringer Singapore : _bImprint: Springer, _c2018. |
|
| 300 | _a1 online resource (XVII, 1231 pages 775 illustrations, 647 illustrations in color.) | ||
| 336 |
_atext _btxt _2rdacontent |
||
| 337 |
_acomputer _bc _2rdamedia |
||
| 338 |
_aonline resource _bcr _2rdacarrier |
||
| 347 |
_atext file _bPDF _2rda |
||
| 490 | 1 |
_aSpringer Water, _x2364-6934 |
|
| 505 | 0 | _aPreface -- Part 1. Methods for modeling and uncertainty -- Part 2. Hydroinformatics systems and applications -- Part 3. Flood simulation and forecasting -- Part 4. Advanced approaches (scale, numerical, 3D models) to special and complex hydraulics applications. | |
| 520 | _aThis book gathers a collection of extended papers based on presentations given during the SimHydro 2017 conference, held in Sophia Antipolis, Nice, France on June 14-16, 2017. It focuses on how to choose the right model in applied hydraulics and considers various aspects, including the modeling and simulation of fast hydraulic transients, 3D modeling, uncertainties and multiphase flows. The book explores both limitations and performance of current models and presents the latest developments in new numerical schemes, high-performance computing, multiphysics and multiscale methods, and better interaction with field or scale model data. It gathers the lastest theoretical and innovative developments in the modeling field and presents some of the most advance applications on various water related topics like uncertainties, flood simulation and complex hydraulic applications. Given its breadth of coverage, it addresses the needs and interests of practitioners, stakeholders, researchers and engineers alike. | ||
| 588 | _aDescription based on publisher-supplied MARC data. | ||
| 650 | 0 |
_aComputer mathematics. _989119 |
|
| 650 | 0 |
_aComputer simulation. _91599 |
|
| 650 | 0 | _aEngineering geology. | |
| 650 | 0 | _aEngineering-Geology. | |
| 650 | 0 |
_aFoundations. _9892 |
|
| 650 | 0 | _aHydraulics. | |
| 650 | 0 | _aHydrology. | |
| 650 | 1 | 4 |
_aGeoengineering, Foundations, Hydraulics. _0https://scigraph.springernature.com/ontologies/product-market-codes/T23020 _951848 |
| 650 | 2 | 4 |
_aComputational Science and Engineering. _0https://scigraph.springernature.com/ontologies/product-market-codes/M14026 |
| 650 | 2 | 4 |
_aHydrology/Water Resources. _0https://scigraph.springernature.com/ontologies/product-market-codes/211000 _930255 |
| 650 | 2 | 4 |
_aSimulation and Modeling. _0https://scigraph.springernature.com/ontologies/product-market-codes/I19000 _9110205 |
| 700 | 1 |
_aCaignaert, Guy. _eeditor. _9110206 |
|
| 700 | 1 |
_aCunge, Jean. _eeditor. _9110207 |
|
| 700 | 1 |
_aGourbesville, Philippe. _eeditor. _9110208 |
|
| 776 | 0 | 8 |
_iPrint version: _tAdvances in hydroinformatics. _z9789811072178 _w(DLC) 2017958585 |
| 776 | 0 | 8 |
_iPrinted edition: _z9789811072178 |
| 776 | 0 | 8 |
_iPrinted edition: _z9789811072192 |
| 776 | 0 | 8 |
_iPrinted edition: _z9789811356063 |
| 830 | 0 |
_aSpringer Water, _x2364-6934 _9110209 |
|
| 906 |
_a0 _bibc _corigres _du _encip _f20 _gy-gencatlg |
||
| 942 |
_2ddc _cBK |
||
| 999 |
_c593661 _d593661 |
||